Reklama na ticho

Bibliographic Details
Main Author: Hevier, Daniel, 1955- (Author)
Format: Article
Language:Slovak
PhysicalDescription:Noty.
Subjects:

MARC

LEADER 00000nab a2200000 a 4500
001 vtls000332289
003 SK-MaSNL
005 20260305001933.0
008 240311c1988 xo 0 slo
015 |a SNBRB19rr/mm-uuuuu 
035 |a CL0332411 
040 |a SNKBUCL  |b slo  |c SNKBUCL  |e AACR2 
041 0 |a slo 
044 |a xo  |c SK 
080 |a 885.4-1  |2 1981 
080 |a 784.66  |2 1981 
100 1 |a Hevier, Daniel,  |d 1955-  |4 aut  |9 103400 
245 1 0 |a Reklama na ticho  |c Daniel Hevier 
300 |b Noty. 
650 0 7 |a populárne piesne  |2 snkbucl  |9 3446 
655 7 |a články z novín a časopisov  |2 snkbucl  |9 267496 
655 7 |a články z odboru literárna veda a krásna literatúra  |2 snkbucl  |9 770045 
773 0 |t Rozhlas  |g Č. 39 (1988), s. 23 
850 |a Slovenská národná knižnica v Martine  |a MTA001 
852 |a SNK  |b KIS3GCP 
958 |a RK 
958 |a LX 
992 |a RBX 
999 |c 3222613  |d 3224543